Le Hussard sur le toit

保存先:
書誌詳細
第一著者: Giono, Jean
フォーマット: 図書
言語:Undetermined
出版事項: París, Francia Gallimard 1951
主題:
タグ: タグ追加
タグなし, このレコードへの初めてのタグを付けませんか!

MARC

LEADER 00000nam a2200000Ia 4500
008 170316s9999 xx 000 0 und d
040 |a cru BVZT 
090 |a 840 G-7h 
100 |a Giono, Jean 
245 |a Le Hussard sur le toit 
260 |a París, Francia 
260 |b Gallimard 
260 |c 1951 
300 |a 401 páginas 
650 |a LITERATURA FRANCESA 
999 |c 7726  |d 7726 
942 |c 15 D  |h 840 G-7h  |2 z